The new television technologies / (Record no. 10109)
[ view plain ]
| 000 -LEADER | |
|---|---|
| fixed length control field | 01006nam a22002057a 4500 |
| 003 - CONTROL NUMBER IDENTIFIER | |
| control field | OSt |
| 005 - DATE AND TIME OF LATEST TRANSACTION | |
| control field | 20231010110753.0 |
| 008 - FIXED-LENGTH DATA ELEMENTS--GENERAL INFORMATION | |
| fixed length control field | 231010b ||||| |||| 00| 0 eng d |
| 020 ## - INTERNATIONAL STANDARD BOOK NUMBER | |
| International Standard Book Number | 0697054918 |
| 040 ## - CATALOGING SOURCE | |
| Transcribing agency | WIUC |
| 050 00 - LIBRARY OF CONGRESS CALL NUMBER | |
| Classification number | TK6643.G7 |
| 100 1# - MAIN ENTRY--PERSONAL NAME | |
| Personal name | Gross, Lynne S. |
| 9 (RLIN) | 2544 |
| 245 14 - TITLE STATEMENT | |
| Title | The new television technologies / |
| Statement of responsibility, etc. | Lynne Schafer Gross. |
| 250 ## - EDITION STATEMENT | |
| Edition statement | 3rd ed. |
| 260 ## - PUBLICATION, DISTRIBUTION, ETC. | |
| Place of publication, distribution, etc. | Dubuque, IA : |
| Name of publisher, distributor, etc. | Wm.C. Brown Publishers, |
| Date of publication, distribution, etc. | c1990. |
| 300 ## - PHYSICAL DESCRIPTION | |
| Extent | xiv, 252 p. : |
| Other physical details | ill. ; |
| Dimensions | 23 cm. |
| 504 ## - BIBLIOGRAPHY, ETC. NOTE | |
| Bibliography, etc. note | Includes bibliographical references |
| 505 ## - FORMATTED CONTENTS NOTE | |
| Formatted contents note | Contents: Introduction -- Traditional distribution processes -- Foundations -- Satellites -- Computers -- New technologies -- Cable tv -- Subscription tv -- Low-power tv -- Multichannel multi point distribution service (mmds) -- Satellite master antenna tv (smatv) -- Direct broadcast satellite -- Videocassette --Videodiscs --Teletext --Video text and data bases -- Reception technologies -- Conclusion -- Implication and interrelationships. |
| 942 ## - ADDED ENTRY ELEMENTS (KOHA) | |
| Source of classification or shelving scheme | Library of Congress Classification |
| Koha item type | Books |
| Withdrawn status | Lost status | Source of classification or shelving scheme | Damaged status | Not for loan | Home library | Current library | Shelving location | Date acquired | Total Checkouts | Full call number | Barcode | Date last seen | Copy number | Price effective from | Koha item type |
|---|---|---|---|---|---|---|---|---|---|---|---|---|---|---|---|
| Library of Congress Classification | WISCONSIN INTERNATIONAL UNIVERSITY COLLEGE, GHANA KUMASI LIBRARY | WISCONSIN INTERNATIONAL UNIVERSITY COLLEGE, GHANA KUMASI LIBRARY | General Stacks | 10/10/2023 | TK6643.G7(3e) | K/3091/0189/23 | 10/10/2023 | 1 | 10/10/2023 | Books |
